| 000 | 01410naa a22003377a 4500 | ||
|---|---|---|---|
| 001 | BR8501925 | ||
| 003 | BR-BrBNA | ||
| 005 | 20240918175601.0 | ||
| 007 | ta | ||
| 008 | 230509b bl.||||| |||| 00| 0 por d | ||
| 040 |
_aBR-BrBNA _bpor _cBiblioteca Nacional de Agricultura |
||
| 041 | _a(Pt) | ||
| 072 |
_aF04 _b1900 _b3820 |
||
| 090 | _aF04 BR8501925 | ||
| 100 | 1 | _aCorsi, M. | |
| 111 | 1 |
_a2. Simposio sobre Nutricao de Bovinos _cPiracicaba, SP (Brazil) _d1984 |
|
| 245 | 1 | _aUreia como fertilizante na producao de forragem | |
| 246 | 1 | _a[Urea as a fertilizer for forage production] | |
| 246 | 1 | _a[Annals of the 2. Symposium on Cattle Feeding; Urea for ruminants] | |
| 260 | 3 |
_aPiracicaba, SP (Brasil): _c1984. |
|
| 500 | _aPeixoto, A.M.; Moura, J.C. de; Faria, V.P. de (eds.) Anais do 2. Simposio sobre Nutricao de Bovinos; Ureia para ruminantes Piracicaba, SP (Brasil): 1984. p. 275-308 (BR8501925-AM)F04 | ||
| 650 | _aUREIA | ||
| 650 | _aFERTILIZANTE NITROGENADO | ||
| 650 | _aFORRAGEM | ||
| 650 | _aPASTAGEM | ||
| 650 | _aADUBACAO | ||
| 650 | _aSOLO | ||
| 773 | 0 |
_tAnais do 2. Simposio sobre Nutricao de Bovinos; Ureia para ruminantes _aPeixoto, A.M.; Moura, J.C. de; Faria, V.P. de (eds.). Fundacao de Estudos Agrarios Luiz de Queiroz, Piracicaba, SP (Brasil) _wF04 BR8501925 _gPiracicaba, SP (Brasil), 1984. p. 275-308 |
|
| 909 |
_a202404 _bLucia _c55 _dLucia Elande |
||
| 942 |
_cAM _2AGRIS |
||
| 999 |
_c317330 _d317330 |
||